000 00415nam a2200181Ia 4500
005 20250423101250.0
008 250422s9999 xx 000 0 und d
020 _a9780435910136
050 _aPR 9379.9 .A33/
100 _aAidoo, Ama Ata
245 4 _aThe girl who can and other stories
260 _aEssex
260 _bHeinemann
260 _c1987
300 _a146 p
650 _aFiction
942 _cBK
999 _c35793
_d35793